Statystyki dla Państwa i terytoria leżące na Karaibach

Kliknij tutaj aby rozwiązać quiz!

Ogólne statystyki

  • Ten quiz został rozwiązany 1,030 razy
  • Średni wynik to 19 z 37

Statystyki odpowiedzi

Co to jest? Kraj % poprawnych
Suwerenny naródKuba
93%
Suwerenny naródDominika
92%
Suwerenny naródDominikana
90%
Suwerenny naródHaiti
89%
Suwerenny naródJamajka
87%
Suwerenny naródTrynidad i Tobago
77%
Suwerenny naródAntigua i Barbuda
74%
Suwerenny naródBarbados
74%
Suwerenny naródSaint Kitts i Nevis
73%
Suwerenny naródPanama
72%
Suwerenny naródSaint Lucia
71%
Suwerenny naródHonduras
70%
Suwerenny naródBelize
68%
Suwerenny naródKostaryka
68%
Suwerenny naródSaint Vincent i Grenadyny
67%
Suwerenny naródGwatemala
67%
Suwerenny naródNikaragua
65%
Suwerenny naródGrenada
64%
Suwerenny naródMeksyk
63%
Terytorium USAPortoryko
54%
Suwerenny naródWenezuela
50%
Suwerenny naródKolumbia
49%
Zamorskie terytorium brytyjskieBrytyjskie Wyspy Dziewicze
39%
Francuski region zamorskiMartynika
36%
Terytorium USAWyspy Dziewicze
35%
Kraj holenderskiAruba
34%
Francuski region zamorskiGwadelupa
32%
Kraj holenderskiCuraçao
31%
Zamorskie terytorium brytyjskieKajmany
24%
Zamorskie terytorium brytyjskieAnguilla
20%
Kraj holenderskiSint Maarten
18%
Francuska wspólnota zamorskaSaint Martin
18%
Zamorskie terytorium brytyjskieMontserrat
18%
Holenderska gmina zamorskaBonaire
14%
Holenderska gmina zamorskaSaba
9%
Holenderska gmina zamorskaSint Eustatius
8%
Francuska wspólnota zamorskaSaint Barthélemy
8%

Rozkład punktacji

Percentyl według liczby udzielonych odpowiedzi

Procent ludzi z każdym wynikiem

Twoja historia wyników

Nie rozwiązałeś tego quizu